COBRA : Construction and Building Research Conference 1998. Vol 2 ... Oxford Centre for Real Estate Management, 2nd-3rd September 1998, Oxford Brookes University (Record no. 97628)

MARC details
000 -LEADER
fixed length control field 02692cam a2200493 4500
001 - CONTROL NUMBER
control field M96651
008 - FIXED-LENGTH DATA ELEMENTS--GENERAL INFORMATION
fixed length control field 090401t1998 xxu||||| |||| 00| 0 eng d
035 ## - SYSTEM CONTROL NUMBER
System control number (Sirsi) u91304
041 ## - LANGUAGE CODE
Language code of text/sound track or separate title eng
050 ## - LIBRARY OF CONGRESS CALL NUMBER
Classification number 690.072
110 ## - MAIN ENTRY--CORPORATE NAME
Corporate name or jurisdiction name as entry element Royal Institution of Chartered Surveyors
9 (RLIN) 4900
245 ## - TITLE STATEMENT
Title COBRA : Construction and Building Research Conference 1998. Vol 2 ... Oxford Centre for Real Estate Management, 2nd-3rd September 1998, Oxford Brookes University
Medium [electronic resource]
260 ## - PUBLICATION, DISTRIBUTION, ETC.
Place of publication, distribution, etc. Oxford
Name of publisher, distributor, etc. Oxford Brookes University
Date of publication, distribution, etc. 1998
260 ## - PUBLICATION, DISTRIBUTION, ETC.
Place of publication, distribution, etc. London
Name of publisher, distributor, etc. RICS
Date of publication, distribution, etc. 1998
300 ## - PHYSICAL DESCRIPTION
Extent 177p. ; 30cm.
350 ## - PRICE (NR) (BK AM CF MU VM SE) [OBSOLETE]
Price 0
505 ## - FORMATTED CONTENTS NOTE
Formatted contents note Opportunities for effective design development within the design and build procurement route.
505 ## - FORMATTED CONTENTS NOTE
Formatted contents note A comparison of fire safety legislation and administration in Europe and Canada.
505 ## - FORMATTED CONTENTS NOTE
Formatted contents note Designing for short life : industry response to the proposed reuse of building services components.
505 ## - FORMATTED CONTENTS NOTE
Formatted contents note Application of a life cycle technique to the environmental assessment of housing.
505 ## - FORMATTED CONTENTS NOTE
Formatted contents note Appraising the total performance of higher education buildings : a participatory approach towards a knowledge-base system.
505 ## - FORMATTED CONTENTS NOTE
Formatted contents note Strategic facilities management within community health care NHS Trusts.
505 ## - FORMATTED CONTENTS NOTE
Formatted contents note Maintenance service development.
505 ## - FORMATTED CONTENTS NOTE
Formatted contents note The role of human error in the management of construction defects.
505 ## - FORMATTED CONTENTS NOTE
Formatted contents note Response to the New Engineering Contract : a review of experts` observations on this radical new contract.
505 ## - FORMATTED CONTENTS NOTE
Formatted contents note Fast-track dispute resolution on construction : the emerging agenda.
505 ## - FORMATTED CONTENTS NOTE
Formatted contents note Tracing the roots of construction claims.
505 ## - FORMATTED CONTENTS NOTE
Formatted contents note A methodology for evaluation of the variation clause in the standard form of contract.
505 ## - FORMATTED CONTENTS NOTE
Formatted contents note Strengthening of existing structures using fibre-reinforced composites.
505 ## - FORMATTED CONTENTS NOTE
Formatted contents note An international comparison of the variability of specification in speculative office design.
505 ## - FORMATTED CONTENTS NOTE
Formatted contents note Tilt-up concrete construction : innovative technology decision systems in the UK and USA.
505 ## - FORMATTED CONTENTS NOTE
Formatted contents note Resins in timber.
650 ## - SUBJECT ADDED ENTRY--TOPICAL TERM
Topical term or geographic name entry element BUILT ENVIRONMENT-BUILDING CONTRACT FORMS
650 ## - SUBJECT ADDED ENTRY--TOPICAL TERM
Topical term or geographic name entry element BUILT ENVIRONMENT-CONSTRUCTION DESIGN
650 ## - SUBJECT ADDED ENTRY--TOPICAL TERM
Topical term or geographic name entry element BUILT ENVIRONMENT-BUILDING MAINTENANCE AND REFURBISHMENT
650 ## - SUBJECT ADDED ENTRY--TOPICAL TERM
Topical term or geographic name entry element BUILDING TECHNOLOGY
650 ## - SUBJECT ADDED ENTRY--TOPICAL TERM
Topical term or geographic name entry element COBRA 98
650 ## - SUBJECT ADDED ENTRY--TOPICAL TERM
Topical term or geographic name entry element CONSTRUCTION RESEARCH
650 ## - SUBJECT ADDED ENTRY--TOPICAL TERM
Topical term or geographic name entry element CONTRACT LAW
690 ## - LOCAL SUBJECT ADDED ENTRY--TOPICAL TERM (OCLC, RLIN)
Topical term or geographic name as entry element BUILT ENVIRONMENT
856 40 - ELECTRONIC LOCATION AND ACCESS
Uniform Resource Identifier <a href="https://www.rics.org/profession-standards/knowledge-and-information-services/document-delivery-and-other-kis-fees">https://www.rics.org/profession-standards/knowledge-and-information-services/document-delivery-and-other-kis-fees</a>
Public note please email [email protected] to request a copy of one of the papers
942 ## - ADDED ENTRY ELEMENTS (KOHA)
Suppress in OPAC 0
Source of classification or shelving scheme Dewey Decimal Classification
948 ## - LOCAL PROCESSING INFORMATION (OCLC); SERIES PART DESIGNATOR (RLIN)
c (OCLC) 12/02/1999
Holdings
Withdrawn status Lost status Source of classification or shelving scheme Damaged status Not for loan Home library Current library Shelving location Date acquired Total Checkouts Full call number Barcode Date last seen Copy number Price effective from Koha item type Date last checked out
    Dewey Decimal Classification     Archives Archives RICS Boxes 14/09/1999   RICS 1998/80 30057318 06/08/2019 1 06/08/2019 Archive  
    Dewey Decimal Classification     London London RICS Boxes 06/12/2005 1 RICS 1998/80 30061146 06/08/2019 1 06/08/2019 Book 06/12/2005